Về sự tồn tại và duy nhất nghiệm của bài toán biên ban đầu thứ hai đối với hệ Schrodinger trong trụ vô hạn với đáy không trơn /
Сохранить в:
| Главный автор: | |
|---|---|
| Другие авторы: | |
| Формат: | Статья |
| Язык: | Vietnamese |
| Метки: |
Добавить метку
Нет меток, Требуется 1-ая метка записи!
|
| Thư viện lưu trữ: | Thư viện Trường Đại học Đà Lạt |
|---|
| LEADER | 00877nam a2200241 4500 | ||
|---|---|---|---|
| 001 | DLU120138539 | ||
| 005 | ##20120726 | ||
| 040 | # | # | |a DLU |b vie |
| 041 | # | # | |a vie |
| 044 | # | # | |a vn |
| 100 | # | # | |a Nguyễn Mạnh Hùng. |
| 245 | # | # | |a Về sự tồn tại và duy nhất nghiệm của bài toán biên ban đầu thứ hai đối với hệ Schrodinger trong trụ vô hạn với đáy không trơn / |c Nguyễn Mạnh Hùng, Nguyễn Thành Anh. |
| 700 | # | # | |a Nguyễn Thành Anh. |
| 773 | # | # | |t Thông báo khoa học của các trường đại học: Toán-Tin học |g 2002, tr. 44-49 |
| 920 | # | # | |a Phòng Tạp chí -- Trung tâm Thông tin - Thư viện Trường Đại học Đà Lạt |
| 994 | # | # | |a DLU |
| 900 | # | # | |a True |
| 911 | # | # | |a Nguyễn Thị Thu Phương |
| 925 | # | # | |a G |
| 926 | # | # | |a A |
| 927 | # | # | |a BB |
| 980 | # | # | |a Thư viện Trường Đại học Đà Lạt |